000 00428nam a2200181Ia 4500
001 20874
005 20260306172837.0
008 260306t2012||||xx |||||||||||||| ||spa||
041 _aESP
082 _a343.8
_bM26
100 _aMartel Veramendi, Miguel Antonio
_eAUT
245 0 _aFiscalización tributaria y aduanera I
260 _c2012
300 _a
_c
650 _aGEN
654 _aCCO
942 _cLIB
_dJUS
_fJUS
_2ddc
_n
999 _c20874
_d20874